<?xml version="1.0" encoding="UTF-8"?>
<record
    xmlns:xsi="http://www.w3.org/2001/XMLSchema-instance"
    xsi:schemaLocation="http://www.loc.gov/MARC21/slim http://www.loc.gov/standards/marcxml/schema/MARC21slim.xsd"
    xmlns="http://www.loc.gov/MARC21/slim">

  <leader>00642nam a22002057a 4500</leader>
  <datafield tag="999" ind1=" " ind2=" ">
    <subfield code="c">983</subfield>
    <subfield code="d">983</subfield>
  </datafield>
  <controlfield tag="001">14245</controlfield>
  <controlfield tag="003">BD-DhUAP</controlfield>
  <controlfield tag="005">20220918195416.0</controlfield>
  <controlfield tag="008">200129s2008    bg ||||| |||| 001 0 eng d</controlfield>
  <datafield tag="040" ind1=" " ind2=" ">
    <subfield code="a">BD-DhUAP</subfield>
    <subfield code="b">Eng</subfield>
    <subfield code="c">BD-DhUAP</subfield>
    <subfield code="d">BD-DhUAP</subfield>
  </datafield>
  <datafield tag="082" ind1=" " ind2=" ">
    <subfield code="2">23</subfield>
    <subfield code="a">342.5492083 RAS</subfield>
  </datafield>
  <datafield tag="100" ind1=" " ind2=" ">
    <subfield code="a">Rashid, Harun ur. </subfield>
  </datafield>
  <datafield tag="245" ind1=" " ind2=" ">
    <subfield code="a">Refugee law : </subfield>
    <subfield code="b">with case laws &amp; materials /</subfield>
    <subfield code="c">Harun ur Rashid.</subfield>
  </datafield>
  <datafield tag="250" ind1=" " ind2=" ">
    <subfield code="a">1st ed.</subfield>
  </datafield>
  <datafield tag="260" ind1=" " ind2=" ">
    <subfield code="a">Dhaka : </subfield>
    <subfield code="b">Anupam Gyan Bhandar, </subfield>
    <subfield code="c">2008.</subfield>
  </datafield>
  <datafield tag="300" ind1=" " ind2=" ">
    <subfield code="a">xii, 211 pages ;</subfield>
    <subfield code="c">22 cm.</subfield>
  </datafield>
  <datafield tag="650" ind1=" " ind2=" ">
    <subfield code="a">Refugees</subfield>
    <subfield code="v">Legal status, laws, etc.</subfield>
    <subfield code="z">Bangladesh. </subfield>
  </datafield>
  <datafield tag="650" ind1=" " ind2=" ">
    <subfield code="a">Refugees</subfield>
    <subfield code="v">Legal status, laws, etc.</subfield>
    <subfield code="x">Digests.</subfield>
  </datafield>
  <datafield tag="942" ind1=" " ind2=" ">
    <subfield code="2">ddc</subfield>
    <subfield code="c">BK</subfield>
  </datafield>
  <datafield tag="952" ind1=" " ind2=" ">
    <subfield code="0">0</subfield>
    <subfield code="1">0</subfield>
    <subfield code="2">ddc</subfield>
    <subfield code="4">0</subfield>
    <subfield code="7">0</subfield>
    <subfield code="a">UAPCL</subfield>
    <subfield code="b">UAPCL</subfield>
    <subfield code="c">General Stacks</subfield>
    <subfield code="d">2020-01-29</subfield>
    <subfield code="l">10</subfield>
    <subfield code="m">4</subfield>
    <subfield code="o">342.5492083 RAS</subfield>
    <subfield code="p">3010014245</subfield>
    <subfield code="r">2025-07-15</subfield>
    <subfield code="s">2025-05-18</subfield>
    <subfield code="t">1</subfield>
    <subfield code="w">2020-01-29</subfield>
    <subfield code="y">BK</subfield>
  </datafield>
  <datafield tag="952" ind1=" " ind2=" ">
    <subfield code="0">0</subfield>
    <subfield code="1">0</subfield>
    <subfield code="2">ddc</subfield>
    <subfield code="4">0</subfield>
    <subfield code="7">0</subfield>
    <subfield code="a">UAPCL</subfield>
    <subfield code="b">UAPCL</subfield>
    <subfield code="c">General Stacks</subfield>
    <subfield code="d">2020-01-29</subfield>
    <subfield code="l">3</subfield>
    <subfield code="o">342.5492083 RAS</subfield>
    <subfield code="p">3010013161</subfield>
    <subfield code="r">2023-02-27</subfield>
    <subfield code="s">2023-02-26</subfield>
    <subfield code="t">2</subfield>
    <subfield code="w">2020-01-29</subfield>
    <subfield code="y">BK</subfield>
  </datafield>
  <datafield tag="952" ind1=" " ind2=" ">
    <subfield code="0">0</subfield>
    <subfield code="1">0</subfield>
    <subfield code="2">ddc</subfield>
    <subfield code="4">0</subfield>
    <subfield code="7">0</subfield>
    <subfield code="a">UAPCL</subfield>
    <subfield code="b">UAPCL</subfield>
    <subfield code="c">General Stacks</subfield>
    <subfield code="d">2020-01-29</subfield>
    <subfield code="l">1</subfield>
    <subfield code="o">342.5492083 RAS</subfield>
    <subfield code="p">3010013160</subfield>
    <subfield code="r">2024-03-04</subfield>
    <subfield code="s">2022-08-14</subfield>
    <subfield code="t">3</subfield>
    <subfield code="w">2020-01-29</subfield>
    <subfield code="y">BK</subfield>
  </datafield>
  <datafield tag="952" ind1=" " ind2=" ">
    <subfield code="0">0</subfield>
    <subfield code="1">0</subfield>
    <subfield code="2">ddc</subfield>
    <subfield code="4">0</subfield>
    <subfield code="7">0</subfield>
    <subfield code="a">UAPCL</subfield>
    <subfield code="b">UAPCL</subfield>
    <subfield code="c">General Stacks</subfield>
    <subfield code="d">2020-01-29</subfield>
    <subfield code="l">3</subfield>
    <subfield code="m">3</subfield>
    <subfield code="o">342.5492083 RAS</subfield>
    <subfield code="p">3010013162</subfield>
    <subfield code="r">2025-04-09</subfield>
    <subfield code="s">2025-02-23</subfield>
    <subfield code="t">4</subfield>
    <subfield code="w">2020-01-29</subfield>
    <subfield code="y">BK</subfield>
  </datafield>
  <datafield tag="952" ind1=" " ind2=" ">
    <subfield code="0">0</subfield>
    <subfield code="1">0</subfield>
    <subfield code="2">ddc</subfield>
    <subfield code="4">0</subfield>
    <subfield code="7">0</subfield>
    <subfield code="a">UAPCL</subfield>
    <subfield code="b">UAPCL</subfield>
    <subfield code="c">General Stacks</subfield>
    <subfield code="d">2020-01-29</subfield>
    <subfield code="l">6</subfield>
    <subfield code="m">1</subfield>
    <subfield code="o">342.5492083 RAS</subfield>
    <subfield code="p">3010013158</subfield>
    <subfield code="r">2025-03-22</subfield>
    <subfield code="s">2025-03-20</subfield>
    <subfield code="t">5</subfield>
    <subfield code="w">2020-01-29</subfield>
    <subfield code="y">BK</subfield>
  </datafield>
  <datafield tag="952" ind1=" " ind2=" ">
    <subfield code="0">0</subfield>
    <subfield code="1">0</subfield>
    <subfield code="2">ddc</subfield>
    <subfield code="4">0</subfield>
    <subfield code="7">0</subfield>
    <subfield code="a">UAPCL</subfield>
    <subfield code="b">UAPCL</subfield>
    <subfield code="c">General Stacks</subfield>
    <subfield code="d">2020-01-29</subfield>
    <subfield code="l">5</subfield>
    <subfield code="m">2</subfield>
    <subfield code="o">342.5492083 RAS</subfield>
    <subfield code="p">3010014244</subfield>
    <subfield code="r">2026-01-07</subfield>
    <subfield code="s">2024-09-18</subfield>
    <subfield code="t">6</subfield>
    <subfield code="w">2020-01-29</subfield>
    <subfield code="y">BK</subfield>
  </datafield>
  <datafield tag="952" ind1=" " ind2=" ">
    <subfield code="0">0</subfield>
    <subfield code="1">0</subfield>
    <subfield code="2">ddc</subfield>
    <subfield code="4">0</subfield>
    <subfield code="7">0</subfield>
    <subfield code="a">UAPCL</subfield>
    <subfield code="b">UAPCL</subfield>
    <subfield code="c">General Stacks</subfield>
    <subfield code="d">2020-01-29</subfield>
    <subfield code="l">4</subfield>
    <subfield code="o">342.5492083 RAS</subfield>
    <subfield code="p">3010014246</subfield>
    <subfield code="r">2025-03-09</subfield>
    <subfield code="s">2025-02-23</subfield>
    <subfield code="t">7</subfield>
    <subfield code="w">2020-01-29</subfield>
    <subfield code="y">BK</subfield>
  </datafield>
  <datafield tag="952" ind1=" " ind2=" ">
    <subfield code="0">0</subfield>
    <subfield code="1">0</subfield>
    <subfield code="2">ddc</subfield>
    <subfield code="4">0</subfield>
    <subfield code="7">0</subfield>
    <subfield code="a">UAPCL</subfield>
    <subfield code="b">UAPCL</subfield>
    <subfield code="c">General Stacks</subfield>
    <subfield code="d">2020-01-29</subfield>
    <subfield code="l">10</subfield>
    <subfield code="m">5</subfield>
    <subfield code="o">342.5492083 RAS</subfield>
    <subfield code="p">3010014247</subfield>
    <subfield code="r">2026-03-31</subfield>
    <subfield code="s">2026-03-25</subfield>
    <subfield code="t">8</subfield>
    <subfield code="w">2020-01-29</subfield>
    <subfield code="y">BK</subfield>
  </datafield>
  <datafield tag="952" ind1=" " ind2=" ">
    <subfield code="0">0</subfield>
    <subfield code="1">0</subfield>
    <subfield code="2">ddc</subfield>
    <subfield code="4">0</subfield>
    <subfield code="7">0</subfield>
    <subfield code="a">UAPCL</subfield>
    <subfield code="b">UAPCL</subfield>
    <subfield code="c">General Stacks</subfield>
    <subfield code="d">2020-01-29</subfield>
    <subfield code="l">6</subfield>
    <subfield code="m">1</subfield>
    <subfield code="o">342.5492083 RAS</subfield>
    <subfield code="p">3010014243</subfield>
    <subfield code="r">2025-05-07</subfield>
    <subfield code="s">2025-03-02</subfield>
    <subfield code="t">9</subfield>
    <subfield code="w">2020-01-29</subfield>
    <subfield code="y">BK</subfield>
  </datafield>
  <datafield tag="952" ind1=" " ind2=" ">
    <subfield code="0">0</subfield>
    <subfield code="1">0</subfield>
    <subfield code="2">ddc</subfield>
    <subfield code="4">0</subfield>
    <subfield code="7">0</subfield>
    <subfield code="a">UAPCL</subfield>
    <subfield code="b">UAPCL</subfield>
    <subfield code="c">General Stacks</subfield>
    <subfield code="d">2020-01-29</subfield>
    <subfield code="l">2</subfield>
    <subfield code="o">342.5492083 RAS</subfield>
    <subfield code="p">3010013159</subfield>
    <subfield code="r">2023-09-02</subfield>
    <subfield code="s">2022-09-24</subfield>
    <subfield code="t">10</subfield>
    <subfield code="w">2020-01-29</subfield>
    <subfield code="y">BK</subfield>
  </datafield>
</record>
